CAD/CAM: Computer Aided Design and Manufacturing (Record no. 265)

MARC details
000 -LEADER
fixed length control field 00445nam a22001697a 4500
005 - DATE AND TIME OF LATEST TRANSACTION
control field 20160429115633.0
008 - FIXED-LENGTH DATA ELEMENTS--GENERAL INFORMATION
fixed length control field 160429b xxu||||| |||| 00| 0 eng d
020 ## - INTERNATIONAL STANDARD BOOK NUMBER
ISBN 81-2970045-X
041 ## - LANGUAGE CODE
Language code of text/sound track or separate title eng
082 ## - DEWEY DECIMAL CLASSIFICATION NUMBER
Item number 00806
100 ## - MAIN ENTRY--AUTHOR NAME
Personal name Groover. Mikell P.
245 ## - TITLE STATEMENT
Title CAD/CAM: Computer Aided Design and Manufacturing
260 ## - PUBLICATION, DISTRIBUTION, ETC. (IMPRINT)
Place of publication New Delhi
Name of publisher Pearson Education,
Year of publication 2004
300 ## - PHYSICAL DESCRIPTION
Number of Pages 489
650 ## - SUBJECT ADDED ENTRY--TOPICAL TERM
Topical Term Information Technology
942 ## - ADDED ENTRY ELEMENTS (KOHA)
Koha item type Books
Holdings
Lost status Damaged status Collection code Home library Current library Shelving location Date acquired Cost, normal purchase price Full call number Accession Number Koha item type
    CS/IT JRU Library JRU Library SHELF-54-G 29/04/2016 175.00 620.0042 00806 Books
    CS/IT JRU Library JRU Library SHELF-54-G 29/04/2016 175.00 620.0042 00807 Books
    CS/IT JRU Library JRU Library SHELF-54-G 29/04/2016 175.00 620.0042 00808 Books
    CS/IT JRU Library JRU Library SHELF-54-G 29/04/2016 175.00 620.0042 00809 Books
    CS/IT JRU Library JRU Library SHELF-54-G 29/04/2016 175.00 620.0042 00810 Books
    CS/IT JRU Library JRU Library SHELF-54-G 29/04/2016 175.00 620.0042 00811 Books
    CS/IT JRU Library JRU Library SHELF-54-G 29/04/2016 175.00 620.0042 00812 Books
    CS/IT JRU Library JRU Library SHELF-54-G 29/04/2016 175.00 620.0042 00813 Books